000 01074cab a2200337 4500
001 WB3107-48
008 090401t1995 xxu||||| |||| 00| 0 eng d
035 _a(Sirsi) u3495
041 _aeng
245 _aFarming bogged down in bureaucracy
260 _c1995
350 _a0
490 _aRICS Press Release
_v(PR13/95RUR) 14 February 1995, (2)
520 _aFarming is now a business and professional advice is required, according to research carried out for the RICS. "Rural property: research into customers` needs" £35.00
650 _aABOUT RICS-RICS MEMBERS
650 _aCLIENTS REQUIREMENTS
650 _aCONSENSUS RESEARCH INTERNATIONAL
650 _aCUSTOMER REQUIREMENTS
650 _aFARM BUSINESSES
650 _aLAND AGENCY
650 _aMARKET RESEARCH
650 _aPROFESSIONAL ADVICE
650 _aPUBLIC IMAGE
650 _aRURAL MARKET
650 _aRURAL PROPERTY
650 _aSERVICES
690 _aMANAGEMENT-BUSINESS MANAGEMENT-PROFESSIONAL PRACTICE
690 _aRURAL PRACTICE
942 _n0
948 _c04/03/1997
999 _c2150
_d2150